000 00479nam a2200133Ia 4500
008 220615s9999||||xx |||||||||||||| ||und||
020 _a9780260000000
245 4 _aThe Theoretical Foundation of Dendritic Function
_bThe Collected Papers of Wilfrid Rall with Commentaries
546 _aEnglish[eng]
650 _aNeurology and clinical neurophysiology
700 _aSegev, Idan||Rinzel, John||Shepherd, Gordon M.
856 _uhttp://mitpress.mit.edu/9780262193566
942 _cEB
999 _c10973
_d10973